Internationales Handbuch der Gewaltforschung
| Beteiligte: | ; ; |
|---|---|
| Medienart: | Druck Buch |
| Sprache: | Deutsch |
| Veröffentlicht: |
Wiesbaden
Westdt. Verlag
2002
|
| In: | Jahr: 2002 |
| Ausgabe: | 1. Aufl. |
| Online-Zugang: |
Inhaltsverzeichnis Inhaltsverzeichnis Rezension (Verlag) |
| Bestand in Tübingen: | In Tübingen vorhanden. IFK: C II 482 UB: 43 A 2862 |
| Verfügbarkeit prüfen: | HBZ Gateway |
| Subito Bestelldienst: | Jetzt bestellen. |
| Bände / Aufsätze: | Bände / Aufsätze anzeigen. |
| Schlagwörter: | |
| Parallele Ausgabe: | Elektronisch
|
MARC
| LEADER | 00000cam a2200000 c 4500 | ||
|---|---|---|---|
| 001 | 333954238 | ||
| 003 | DE-627 | ||
| 005 | 20260416090039.0 | ||
| 007 | tu | ||
| 008 | 010917s2002 gw ||||| 00| ||ger c | ||
| 015 | |a 03,A01,0353 |2 dnb | ||
| 016 | 7 | |a 965586316 |2 DE-101 | |
| 020 | |a 9783322803771 |9 978-3-322-80377-1 | ||
| 020 | |a 3531135007 |q geb. : Eur 99.90 |9 3-531-13500-7 | ||
| 024 | 3 | |a 9783531135007 | |
| 035 | |a (DE-627)333954238 | ||
| 035 | |a (DE-603)100722091 | ||
| 035 | |a (DE-576)095645861 | ||
| 035 | |a (DE-599)GBV333954238 | ||
| 035 | |a (OCoLC)247986265 | ||
| 035 | |a (OCoLC)247986265 | ||
| 035 | |a (AT-OBV)AC03547886 | ||
| 035 | |a (DE-H357)his25415 | ||
| 040 | |a DE-627 |b ger |c DE-627 |e rakwb | ||
| 041 | |a ger | ||
| 044 | |c XA-DE-HE | ||
| 050 | 0 | |a HM886 | |
| 072 | 7 | |a SOC026000 |2 bisacsh | |
| 072 | 7 | |a JHB |2 bicssc | |
| 082 | 0 | |a 303.6 | |
| 082 | 0 | |a 303.6072 | |
| 082 | 0 | |a 303.621 |q OCLC | |
| 082 | 0 | 4 | |a 14 |a 16 |a 11 |a 01 |
| 082 | 0 | 4 | |a 300 |q DE-101 |
| 084 | |a POL 80 |2 sfb | ||
| 084 | |a S 230 |2 sfb | ||
| 084 | |a 14 |2 sdnb | ||
| 084 | |a 14 |a 16 |a 11 |a 01 |2 sdnb | ||
| 084 | |a 3,6 |a 1 |a 2,1 |2 ssgn | ||
| 084 | |a MS 4450 |2 rvk |0 (DE-625)rvk/123703: | ||
| 084 | |a MS 6380 |q DE-24/22sred |2 rvk |0 (DE-625)rvk/123753: | ||
| 084 | |a MS 4760 |2 rvk |0 (DE-625)rvk/123715: | ||
| 084 | |a MD 8920 |2 rvk |0 (DE-625)rvk/122569: | ||
| 084 | |a MS 6350 |2 rvk |0 (DE-625)rvk/123752: | ||
| 084 | |a DG 8000 |2 rvk |0 (DE-625)rvk/19561: | ||
| 084 | |a MS 6440 |2 rvk |0 (DE-625)rvk/123755: | ||
| 084 | |a PH 8700 |2 rvk |0 (DE-625)rvk/136515: | ||
| 084 | |a CP 3500 |2 rvk |0 (DE-625)rvk/18979: | ||
| 084 | |a 71.44 |2 bkl | ||
| 084 | |a 71.64 |2 bkl | ||
| 084 | |a 71.65 |2 bkl | ||
| 084 | |a 89.58 |2 bkl | ||
| 084 | |a 79.02 |2 bkl | ||
| 084 | |a 71.25 |2 bkl | ||
| 090 | |a a | ||
| 245 | 0 | 0 | |a Internationales Handbuch der Gewaltforschung |c Wilhelm Heitmeyer; John Hagan (Hrsg.) |
| 250 | |a 1. Aufl. | ||
| 264 | 1 | |a Wiesbaden |b Westdt. Verlag |c 2002 | |
| 300 | |a 1583 S. |b graph. Darst. |c 23 cm | ||
| 336 | |a Text |b txt |2 rdacontent | ||
| 337 | |a ohne Hilfsmittel zu benutzen |b n |2 rdamedia | ||
| 338 | |a Band |b nc |2 rdacarrier | ||
| 500 | |a Literaturangaben | ||
| 583 | 1 | |a Archivierung/Langzeitarchivierung gewährleistet |f SSG |x XA-DE-BW |2 pdager |5 DE-21 | |
| 583 | 1 | |a Archivierung/Langzeitarchivierung gewährleistet |f PEHE |2 pdager |5 DE-43 | |
| 650 | 0 | |a Violence | |
| 650 | 0 | |a Violence |x Handbooks, manuals, etc |x Research | |
| 650 | 0 | 7 | |0 (DE-588)4020832-1 |0 (DE-627)10631663X |0 (DE-576)208934979 |a Gewalt |2 gnd |
| 650 | 0 | 7 | |0 (DE-588)4027274-6 |0 (DE-627)106285319 |0 (DE-576)208970150 |a Interdisziplinäre Forschung |2 gnd |
| 650 | 4 | |a Gewalt | |
| 650 | 4 | |a Gewaltforschung | |
| 650 | 4 | |a Begriffslexikon | |
| 650 | 4 | |a Nachschlagewerk | |
| 650 | 4 | |a Lexikon | |
| 650 | 4 | |a Handbuch | |
| 650 | 4 | |a Staatliche Gewalt | |
| 650 | 4 | |a Makrokriminalität | |
| 650 | 4 | |a Kriegsverbrechen | |
| 650 | 4 | |a Krieg | |
| 650 | 4 | |a Bürgerkrieg | |
| 650 | 4 | |a Völkermord | |
| 650 | 4 | |a Genozid | |
| 650 | 4 | |a Holocaust | |
| 650 | 4 | |a Verbrechen gegen die Menschlichkeit | |
| 650 | 4 | |a Rechtsextremismus | |
| 650 | 4 | |a Rechtsradikalismus | |
| 650 | 4 | |a Organisierte Kriminalität | |
| 650 | 4 | |a Kriminalität | |
| 650 | 4 | |a Kriminalpolitik | |
| 650 | 4 | |a Jugendliche | |
| 650 | 4 | |a Kind | |
| 650 | 4 | |a Aggression | |
| 650 | 4 | |a Gewaltsoziologie | |
| 650 | 4 | |a Gewaltmotivation | |
| 650 | 4 | |a Gewaltmotive | |
| 650 | 4 | |a Gewalt, kollektive | |
| 650 | 4 | |a Gewalt, individuelle | |
| 650 | 4 | |a Gewaltopfer | |
| 650 | 4 | |a Gewaltprozesse | |
| 650 | 4 | |a Aggressivität, Terrorismus | |
| 655 | 7 | |a Aufsatzsammlung |0 (DE-588)4143413-4 |0 (DE-627)105605727 |0 (DE-576)209726091 |2 gnd-content | |
| 689 | 0 | 0 | |d s |0 (DE-588)4020832-1 |0 (DE-627)10631663X |0 (DE-576)208934979 |a Gewalt |2 gnd |
| 689 | 0 | 1 | |d s |0 (DE-588)4027274-6 |0 (DE-627)106285319 |0 (DE-576)208970150 |a Interdisziplinäre Forschung |2 gnd |
| 689 | 0 | |5 DE-101 | |
| 700 | 1 | |a Heitmeyer, Wilhelm |d 1945- |0 (DE-588)124197396 |0 (DE-627)08570072X |0 (DE-576)161365442 |4 oth | |
| 700 | 1 | |a Hagan, John |d 1946- |0 (DE-588)136992315 |0 (DE-627)589000195 |0 (DE-576)161267505 |4 oth | |
| 700 | 1 | |a Albrecht, Günter |d 1943- |0 (DE-588)137992645 |0 (DE-627)598857923 |0 (DE-576)306122227 |4 oth | |
| 776 | 1 | |z 9783322803764 | |
| 776 | 0 | 8 | |i Erscheint auch als |n Online-Ausgabe |t Internationales Handbuch der Gewaltforschung |d Wiesbaden : VS Verlag für Sozialwissenschaften, 2002 |h 1 Online-Ressource (1583 S. 94 Abb) |w (DE-627)165872562X |w (DE-576)497418673 |z 9783322803764 |k Electronic |
| 787 | 0 | 8 | |i Rezensiert in |a Pollähne, Helmut, 1959 - |t [Rezension von: Internationales Handbuch der Gewaltforschung] |d 2004 |w (DE-627)1941566677 |
| 856 | 4 | 2 | |u http://www.gbv.de/dms/bs/toc/333954238.pdf |m V:DE-601 |m B:DE-84 |q pdf/application |x Verlag |y Inhaltsverzeichnis |3 Inhaltsverzeichnis |7 1 |
| 856 | 4 | 2 | |u http://www.socialnet.de/rezensionen/isbn.php?isbn=978-3-531-13500-7 |m V:DE-601 |m B:socialnet. |q text/html |v 201307-05 |x Verlag |y Rezension (socialnet.) |3 Rezension |7 1 |
| 856 | 4 | 2 | |u http://scans.hebis.de/HEBCGI/show.pl?10072209_toc.pdf |m V:DE-603;B:DE-17 |q application/pdf |3 Inhaltsverzeichnis |7 1 |
| 935 | |a mteo |a GIRA | ||
| 935 | |i sf | ||
| 935 | |i Blocktest | ||
| 936 | r | v | |a MS 4450 |b Herrschaft, Macht, Autorität, Gewalt |k Soziologie |k Spezielle Soziologien |k Politische Soziologie |k Herrschaft, Macht, Autorität, Gewalt |0 (DE-627)1271441128 |0 (DE-625)rvk/123703: |0 (DE-576)201441128 |
| 936 | r | v | |a MS 6380 |b Kriminalität, Gefängnis, Erziehungsheim |k Soziologie |k Spezielle Soziologien |k Soziale Probleme |k Kriminalität, Gefängnis, Erziehungsheim |0 (DE-627)1271441438 |0 (DE-625)rvk/123753: |0 (DE-576)201441438 |
| 936 | r | v | |a MS 4760 |b Politische Bewegungen, Revolution, Außerparlamentarische Opposition (APO) |k Soziologie |k Spezielle Soziologien |k Politische Soziologie |k Politische Bewegungen, Revolution, Außerparlamentarische Opposition (APO) |0 (DE-627)1271374587 |0 (DE-625)rvk/123715: |0 (DE-576)201374587 |
| 936 | r | v | |a MD 8920 |b Terror, Gewalt, Mord |k Politologie |k Politische Theorie, Grundbegriffe des Politischen |k Politische Auseinandersetzung |k Terror, Gewalt, Mord |0 (DE-627)1271426560 |0 (DE-625)rvk/122569: |0 (DE-576)201426560 |
| 936 | r | v | |a MS 6350 |b Allgemeine Theorie |k Soziologie |k Spezielle Soziologien |k Soziale Probleme |k Allgemeine Theorie |0 (DE-627)127094567X |0 (DE-625)rvk/123752: |0 (DE-576)20094567X |
| 936 | r | v | |a DG 8000 |b Jugendkriminalität, Fürsorgeerziehung, Resozialisierung |k Pädagogik |k Spezialfragen der Erziehung |k Jugendkriminalität, Fürsorgeerziehung, Resozialisierung |0 (DE-627)1270769502 |0 (DE-625)rvk/19561: |0 (DE-576)200769502 |
| 936 | r | v | |a MS 6440 |b Einzelprobleme (Armut etc.) |k Soziologie |k Spezielle Soziologien |k Soziale Probleme |k Einzelprobleme (Armut etc.) |0 (DE-627)1270917900 |0 (DE-625)rvk/123755: |0 (DE-576)200917900 |
| 936 | r | v | |a PH 8700 |b Allgemeines, Theorie, Struktur |k Rechtswissenschaft |k Strafrecht, Strafverfahrensrecht, Kriminologie |k Kriminologie |k Einzelne Deliktsgruppen |k Gewaltkriminalität, Gewaltdelikt |k Allgemeines, Theorie, Struktur |0 (DE-627)1271675056 |0 (DE-625)rvk/136515: |0 (DE-576)201675056 |
| 936 | r | v | |a CP 3500 |b Zusammenfassendes und allgemeine Darstellungen |k Psychologie |k Allgemeine Psychologie |k Konflikt, Angst, Aggression, Frustration, Stress |k Zusammenfassendes und allgemeine Darstellungen |0 (DE-627)1429797266 |0 (DE-625)rvk/18979: |0 (DE-576)359797261 |
| 936 | b | k | |a 71.44 |j Gruppenprozesse |x Soziologie |0 (DE-627)106412590 |
| 936 | b | k | |a 71.64 |j Abweichendes Verhalten |0 (DE-627)106416146 |
| 936 | b | k | |a 71.65 |j Kriminalität als soziales Problem |0 (DE-627)106412248 |
| 936 | b | k | |a 89.58 |j Politische Gewalt |0 (DE-627)106416960 |
| 936 | b | k | |a 79.02 |j Theorie der Sozialpädagogik und Sozialarbeit |0 (DE-627)106406728 |
| 936 | b | k | |a 71.25 |j Sexualität |x Soziologie |0 (DE-627)106409050 |
| 936 | s | n | |a c200 |2 mzub |
| 936 | s | n | |a d100 |2 mzub |
| 936 | s | n | |a m100 |2 mzub |
| 936 | s | n | |a m200 |2 mzub |
| 936 | s | n | |a p100 |2 mzub |
| 936 | s | n | |a a100 |2 mzub |
| 951 | |a BO | ||
| ELC | |b 1 | ||
| LOK | |0 000 xxxxxcx a22 zn 4500 | ||
| LOK | |0 001 323587531X | ||
| LOK | |0 003 DE-627 | ||
| LOK | |0 004 333954238 | ||
| LOK | |0 005 20091225060047 | ||
| LOK | |0 008 030430||||||||||||||||ger||||||| | ||
| LOK | |0 040 |a DE-21 |c DE-627 |d DE-21 | ||
| LOK | |0 852 |a DE-21 | ||
| LOK | |0 852 1 |c 43 A 2862 |m p |9 00 | ||
| LOK | |0 852 2 |b LS |9 00 | ||
| LOK | |0 852 1 |c soz E 254 |9 01 | ||
| LOK | |0 935 |a alls | ||
| LOK | |0 938 |k p | ||
| LOK | |0 938 |l 38 |8 2 | ||
| LOK | |0 939 |a 2003-04-30 |b l01 | ||
| LOK | |0 000 xxxxxcx a22 zn 4500 | ||
| LOK | |0 001 3235875433 | ||
| LOK | |0 003 DE-627 | ||
| LOK | |0 004 333954238 | ||
| LOK | |0 005 20100406145625 | ||
| LOK | |0 008 050824||||||||||||||||ger||||||| | ||
| LOK | |0 040 |a DE-21-106 |c DE-627 |d DE-21-106 | ||
| LOK | |0 541 |e 461/2003 | ||
| LOK | |0 689 |a s |0 1311403108 |a Handbuch | ||
| LOK | |0 689 |a s |0 1311402136 |a Nachschlagewerk | ||
| LOK | |0 689 |a s |0 1311400443 |a Gewalt | ||
| LOK | |0 689 |a s |0 1311401709 |a Gesellschaftsgeschichte | ||
| LOK | |0 852 |a DE-21-106 | ||
| LOK | |0 852 1 |c A I g IHG |m p |9 00 | ||
| LOK | |0 935 |a k106 | ||
| LOK | |0 938 |k p | ||
| LOK | |0 939 |a 2005-08-24 |b l01 | ||
| LOK | |0 000 xxxxxcx a22 zn 4500 | ||
| LOK | |0 001 3235875441 | ||
| LOK | |0 003 DE-627 | ||
| LOK | |0 004 333954238 | ||
| LOK | |0 005 20100408183519 | ||
| LOK | |0 008 030717||||||||||||||||ger||||||| | ||
| LOK | |0 040 |a DE-21-35 |c DE-627 |d DE-21-35 | ||
| LOK | |0 541 |e 03/819 | ||
| LOK | |0 852 |a DE-21-35 | ||
| LOK | |0 852 1 |c Ml 13.065 |m p |9 00 | ||
| LOK | |0 938 |k p | ||
| LOK | |0 938 |l K9 |8 0 | ||
| LOK | |0 939 |a 2003-07-17 |b l01 | ||
| LOK | |0 000 xxxxxcx a22 zn 4500 | ||
| LOK | |0 001 323587545X | ||
| LOK | |0 003 DE-627 | ||
| LOK | |0 004 333954238 | ||
| LOK | |0 005 20030225000000 | ||
| LOK | |0 008 030225||||||||||||||||ger||||||| | ||
| LOK | |0 040 |a DE-21-110 |c DE-627 |d DE-21-110 | ||
| LOK | |0 852 |a DE-21-110 | ||
| LOK | |0 852 1 |c C II 482 |m p |9 00 | ||
| LOK | |0 935 |a k110 | ||
| LOK | |0 936ln |a 10.10 | ||
| LOK | |0 938 |k p | ||
| LOK | |0 939 |a 2003-02-25 |b l01 | ||
| LOK | |0 000 xxxxxcx a22 zn 4500 | ||
| LOK | |0 001 3235875468 | ||
| LOK | |0 003 DE-627 | ||
| LOK | |0 004 333954238 | ||
| LOK | |0 005 20100407062920 | ||
| LOK | |0 008 050415||||||||||||||||ger||||||| | ||
| LOK | |0 040 |a DE-21-58 |c DE-627 |d DE-21-58 | ||
| LOK | |0 541 |e 05-90 | ||
| LOK | |0 689 |a s |0 1310615624 |a Gewalt | ||
| LOK | |0 689 |a s |0 1310617120 |a politische Gewalt | ||
| LOK | |0 852 |a DE-21-58 | ||
| LOK | |0 852 1 |c A V 178 |m p |9 00 | ||
| LOK | |0 935 |a kneu |a tsh0 | ||
| LOK | |0 938 |k p | ||
| LOK | |0 939 |a 2005-04-15 |b l01 | ||
| LOK | |0 000 xxxxxcx a22 zn 4500 | ||
| LOK | |0 001 3235875484 | ||
| LOK | |0 003 DE-627 | ||
| LOK | |0 004 333954238 | ||
| LOK | |0 005 20231218161454 | ||
| LOK | |0 008 050323||||||||||||||||ger||||||| | ||
| LOK | |0 040 |a DE-21-85 |c DE-627 |d DE-21-85 | ||
| LOK | |0 541 |e 02-366 | ||
| LOK | |0 689 |a s |0 131107984X |a Gewalt | ||
| LOK | |0 852 |p 615021573911 | ||
| LOK | |0 852 |a DE-21-85 | ||
| LOK | |0 852 1 |c 3.380.2002 |m p |9 00 | ||
| LOK | |0 935 |a k085 |a isda | ||
| LOK | |0 938 |k p | ||
| LOK | |0 939 |a 2005-03-23 |b l01 | ||
| LOK | |0 000 xxxxxcx a22 zn 4500 | ||
| LOK | |0 001 3235875492 | ||
| LOK | |0 003 DE-627 | ||
| LOK | |0 004 333954238 | ||
| LOK | |0 005 20140923110400 | ||
| LOK | |0 008 140923||||||||||||||||ger||||||| | ||
| LOK | |0 040 |a DE-21-121 |c DE-627 |d DE-21-121 | ||
| LOK | |0 541 |e 2003/0343 | ||
| LOK | |0 852 |a DE-21-121 | ||
| LOK | |0 852 1 |c soz C.10. 13 |m p |9 00 | ||
| LOK | |0 866 |x Bibdia: 20722 | ||
| LOK | |0 935 |a k121 |a i121 | ||
| LOK | |0 938 |k p | ||
| LOK | |0 939 |a 2014-09-23 |b l01 | ||
| LOK | |0 000 xxxxxcx a22 zn 4500 | ||
| LOK | |0 001 3235877800 | ||
| LOK | |0 003 DE-627 | ||
| LOK | |0 004 333954238 | ||
| LOK | |0 005 20030121000000 | ||
| LOK | |0 008 021205||||||||||||||||ger||||||| | ||
| LOK | |0 040 |a DE-Frei85 |c DE-627 |d DE-Frei85 | ||
| LOK | |0 852 |a DE-Frei85 | ||
| LOK | |0 852 1 |m p |9 00 | ||
| LOK | |0 938 |k p | ||
| LOK | |0 939 |a 2002-12-05 |b l01 | ||
| ORI | |a WA-MARC-krimdoka001.raw | ||
| SIG | |a IFK: C II 482 | ||
| SIG | |a UB: 43 A 2862 | ||
| SPR | |a 1 |t KRI | ||
